[Event "US Open-88"]
[Site "Portland"]
[Date "1987.08.11"]
[Round "9"]
[White "Finegold, Benjamin"]
[Black "Waxman, Joseph L"]
[Result "1-0"]
[WhiteElo "2454"]
[BlackElo "2237"]
[PlyCount "37"]
[EventDate "1987.08.02"]
[EventType "swiss"]
[EventRounds "12"]
[EventCountry "USA"]
[SourceTitle "EXT 1997"]
[Source "ChessBase"]
[SourceDate "1996.11.15"]
[SourceVersion "1"]
[SourceVersionDate "1996.11.15"]
[SourceQuality "1"]

1. d4 Nf6 2. c4 e6 3. Nc3 Bb4 4. Qc2 0-0 5. Nf3 c5 6. dxc5 Nc6 7. a3 Bxc5 8. Bg5 Be7 9. e4 b6 10. Be2 Bb7 11. 0-0 g6 12. Rfd1 Rc8 13. b4 a5 14. b5 Nb8 15. e5 Ng4 16. Bxe7 Qxe7 17. Ne4 f6 18. Nd6 Rc7 19. Nxb7 1-0